Catálogo público

Influencia de la luna en la agricultura : (Record no. 63618)

MARC details
000 -CABECERA
campo de control de longitud fija 01169cam a22003377a 4500
003 - IDENTIFICADOR DEL NÚMERO DE CONTROL
campo de control CHAP
005 - FECHA Y HORA DE LA ÚLTIMA TRANSACCIÓN
campo de control 20230608083711.0
008 - DATOS DE LONGITUD FIJA--INFORMACIÓN GENERAL
campo de control de longitud fija 120614s2010 sp r 00010 spa d
010 ## - NÚMERO DE CONTROL DE LA BIBLIOTECA DEL CONGRESO
Número de control de LC 63618
011 ## - ENLACE DEL NUMERO DE CONTROL DE LA BIBLIOTECA DEL CONGRESO [OBSOLETO]
Número de control de LC 64590
020 ## - NÚMERO INTERNACIONAL ESTÁNDAR DEL LIBRO
Número Internacional Estándar del Libro 9788484764069
035 ## - NÚMERO DE CONTROL DEL SISTEMA
Número de control de sistema 70301
040 ## - FUENTE DE LA CATALOGACIÓN
Centro/agencia transcriptor CHAP
082 04 - NÚMERO DE LA CLASIFICACIÓN DECIMAL DEWEY
Número de clasificación 523.32
Número de documento/Ítem F3 2010
100 00 - ENTRADA PRINCIPAL--NOMBRE DE PERSONA
Nombre de persona Farrerons, Josep Ma. Angeles i.
9 (RLIN) 39807
245 10 - MENCIÓN DE TÍTULO
Título Influencia de la luna en la agricultura :
Resto del título y otros temas de principal interés para el campesino y gentes de la ciudad
Mención de responsabilidad, etc. /por Josep Ma. Angeles i Farrerons
250 ## - MENCIÓN DE EDICIÓN
Mención de edición 6 ed.
264 ## - PRODUCCIÓN, PUBLICACIÓN, DISTRIBUCIÓN, FABRICACIÓN Y COPYRIGHT
Producción, publicación, distribución, fabricación y copyright Madrid :
Nombre del de productor, editor, distribuidor, fabricante Mundi-Prensa,
Fecha de producción, publicación, distribución, fabricación o copyright 2010.
300 ## - DESCRIPCIÓN FÍSICA
Extensión 143 p.
490 ## - MENCIÓN DE SERIE
Mención de serie Agroguías Mundi-Prensa
650 04 - PUNTO DE ACCESO ADICIONAL DE MATERIA--TÉRMINO DE MATERIA
Término de materia o nombre geográfico como elemento de entrada Luna
Subdivisión general Efecto en cultivos.
9 (RLIN) 69011
830 0# - PUNTO DE ACCESO ADICIONAL DE SERIE-TÍTULO UNIFORME
Título uniforme Agroguias Mundi-Prensa
9 (RLIN) 2183
942 ## - ELEMENTOS DE PUNTO DE ACCESO ADICIONAL (KOHA)
Tipo de ítem Koha Libro
Fuente del sistema de clasificación o colocación Dewey Decimal Classification
260 ## - PUBLICACIÓN, DISTRIBUCIÓN, ETC.
Lugar de publicación, distribución, etc. Madrid :
Nombre del editor, distribuidor, etc. Mundi Prensa,
Fecha de publicación, distribución, etc. 2010
590 ## - NOTA LOCAL (RLIN)
Nota local BATCH-UPD
Procedencia (VM) [OBSOLETO] 10
Condición del los carretes individuales (VM) [OBSOLETO] 20130110
590 ## - NOTA LOCAL (RLIN)
Nota local BATCH-UPD
Procedencia (VM) [OBSOLETO] 10
Condición del los carretes individuales (VM) [OBSOLETO] 20130410
590 ## - NOTA LOCAL (RLIN)
Nota local CONVERSION
Procedencia (VM) [OBSOLETO] 10
Condición del los carretes individuales (VM) [OBSOLETO] 20130109
901 ## - ELEMENTOS DE DATOS A LOCAL LDA (RLIN)
a BK
949 ## - PROCESAMIENTO DE INFORMACIÓN LOCAL (OCLC)
a 523.32 F3 2010
b BC
c LIBRO
d 33724002334454
e LIBRO
f c.2
g I.c/e
h 116881
i 70301
s b
t $224.7
949 ## - PROCESAMIENTO DE INFORMACIÓN LOCAL (OCLC)
a 523.32 F3 2010
b BC
c LIBRO
d 33724002334496
e LIBRO
g I.c/e
h 116882
i 70301
s b
t $224.7
Holdings
Estado de retiro Estado de pérdida Fuente del sistema de clasificación o colocación Estado dañado Restricciones de uso No para préstamo Código de colección Localización permanente Ubicación/localización actual Ubicación en estantería Fecha de adquisición Fuente de adquisición Información codificada de la localización en otra ubicación Total de préstamos Signatura topográfica completa Código de barras Fecha visto por última vez Fecha del último préstamo Número de copia Precio válido a partir de Tipo de ítem Koha
    Dewey Decimal Classification   Préstamo 15 días   General Biblioteca Central Biblioteca Central Planta alta - Colección General 31/12/2019 I.c/e LIBRO 1 523.32 F3 2010 33724002334454 28/09/2023 25/09/2023 c.2 31/12/2019 Libro
    Dewey Decimal Classification   Préstamo 15 días   General Biblioteca Central Biblioteca Central Planta alta - Colección General 31/12/2019 I.c/e LIBRO 3 523.32 F3 2010 33724002334496 28/09/2023 25/09/2023   31/12/2019 Libro
    Dewey Decimal Classification   Préstamo 15 días   General Biblioteca Central Biblioteca Central Planta alta - Colección General 31/12/2019 I.c/e LIBRO 1 523.32 F3 2010 33724002577520 13/10/2023 26/09/2023 c.3 31/12/2019 Libro
    Dewey Decimal Classification   Préstamo 15 días   General Biblioteca Central Biblioteca Central Planta alta - Colección General 31/12/2019 I.c/e LIBRO   523.32 F3 2010 33724002577561 08/06/2023   c.4 31/12/2019 Libro